000 01470nam a2200277 a 4500
001 ASIN1563678594
003 OSt
005 20180116192423.0
008 140715s2010 xxu eng d
020 _a1563678594 (paperback)
_c$105.00
020 _a9781563678592 (paperback)
040 _csada
050 0 4 _aNK1548
082 0 4 _a701.85
100 1 _aDorosz, Chris.
_97689
245 1 0 _aDesigning with color :
_bconcepts and applications /
_cChris Dorosz, J.R. Watson.
250 _a1st ed.
260 _a[S.l.] :
_bFairchild Books,
_c2011.
300 _a384 p. ;
_c28 cm.
520 _aThis textbook/workbook trains students’ eyes to develop a visual understanding of color and the principles of design through guided observation and engaging activities. Lavishly illustrated with full-color graphics and photos, the book demonstrates how color and other design elements are combined in nature and the visual arts. Part One presents color, the most immediately noticeable element of design. Part Two integrates color with the other design elements and shows how they interact according to the principles of design. Students can apply their learning by completing a series of activities and record their work with photos for future reference.
650 0 _aColor
_97690
650 0 _aColor in design
_97691
700 1 _aWatson, J.R.
_97692
856 4 0 _3Amazon.com
_uhttp://www.amazon.com/exec/obidos/ASIN/1563678594/chopaconline-20
942 _2ddc
_cBK
999 _c353990
_d353990